|
|
|
|
| LEADER |
00000nam0a2200000 4500 |
| 001 |
116236 |
| 005 |
20231101215321.0 |
| 010 |
|
|
|a 5984570378
|
| 035 |
|
|
|a (RuTPU)RU\TPU\book\125786
|
| 090 |
|
|
|a 116236
|
| 100 |
|
|
|a 20070518d2006 m y0rusy50 ca
|
| 101 |
0 |
|
|a rus
|
| 102 |
|
|
|a RU
|
| 105 |
|
|
|a a j 001zy
|
| 200 |
1 |
|
|a Новые технологии обработки давлением медных и цинковых сплавов
|e учебное пособие для вузов
|f Р. Л. Шаталов [и др.]
|
| 210 |
|
|
|a Москва
|c Теплотехник
|d 2006
|
| 215 |
|
|
|a 220 с.
|c ил.
|
| 320 |
|
|
|a Библиогр.: с. 214-219.
|
| 330 |
|
|
|a Изложены новые высокоэффективные технологии и технологические режимы обработки давлением медных и цинковых сплавов при изготовлении полос, лент, труб, прутков и проволоки. Даны принципиальные схемы современных технологических процессов, а также состав, характеристики оборудования отечественных и зарубежных фирм для производства различных видов листового проката, труб и профилей из медных и цинковых сплавов, а также медно-никелевых сплавов, предназначенных для выпуска монет. Предложены проекты технологий, состав, и характеристики оборудования для создания новых производств по выпуску перспективных видов цветного проката в России. Приведены основные технико-экономические показатели новых технологических процессов обработки металлов давлением тяжелых цветных металлов на основе меди и цинка. В конце каждого раздела приведен перечень контрольных вопросов для самопроверки знаний. Предназначена для студентов вузов, обучающих по специальностям» Обработка металлов давлением», «Металлургические машины и оборудование», «Экономика металлургического производства» и может быть полезна инженерно-техническим работникам металлургических и машиностроительных предприятий, а также специалистам по проектированию участков и заводов по обработке давлением тяжелых цветных металлов. Работа представлена в авторской редакции.
|
| 606 |
1 |
|
|a Медные сплавы
|x Физико-механические свойства
|x Влияние обработки
|2 stltpush
|3 (RuTPU)RU\TPU\subj\41867
|9 61643
|
| 606 |
1 |
|
|a Цинковые сплавы
|x Обработка
|2 stltpush
|3 (RuTPU)RU\TPU\subj\18312
|9 43771
|
| 610 |
1 |
|
|a металлургия
|
| 610 |
1 |
|
|a проволока
|
| 610 |
1 |
|
|a ленты
|
| 610 |
1 |
|
|a прокатка
|
| 610 |
1 |
|
|a литье
|
| 610 |
1 |
|
|a технологические схемы
|
| 610 |
1 |
|
|a плоский прокат
|
| 610 |
1 |
|
|a трубы
|
| 610 |
1 |
|
|a производство
|
| 610 |
1 |
|
|a профили
|
| 610 |
1 |
|
|a прутки
|
| 610 |
1 |
|
|a цветной прокат
|
| 610 |
1 |
|
|a перспективные виды
|
| 610 |
1 |
|
|a новые разработки
|
| 610 |
1 |
|
|a учебные пособия
|
| 675 |
|
|
|a 669.35(075.8)
|v 3
|
| 675 |
|
|
|a 669.5(075.8)
|v 3
|
| 701 |
|
1 |
|a Шаталов
|b Р. Л.
|g Роман Львович
|
| 701 |
|
1 |
|a Мочалов
|b Н. А.
|g Николай Алексеевич
|
| 701 |
|
1 |
|a Босхамджиев
|b Н. Ш.
|g Николай Шорваевич
|
| 701 |
|
1 |
|a Кручер
|b Г. Н.
|g Геральд Николаевич
|
| 801 |
|
1 |
|a RU
|b 63413507
|c 20070518
|g PSBO
|
| 801 |
|
2 |
|a RU
|b 63413507
|c 20151009
|g PSBO
|
| 942 |
|
|
|c BK
|
| 959 |
|
|
|a 44/20070518
|d 1
|e 2750,00
|f ЧЗТЛ:1
|
| 959 |
|
|
|a 66/20070926
|d 1
|e 2750,00
|f АНЛ:1
|